000 00320nam a22001337a 4500
020 _a978-9385998485
041 _aENG
100 _aRyaii,M.S
245 _aHandling Transportation And Storage Of Fruits And VegetAbles Vol 2
260 _aDelhi
_bAvi
_c2005
300 _a610
650 _aAPE
856 _uAPE (03 )
999 _c1738
_d1738